Vyvažovanie výrobných liniek
Gespeichert in:
| 1. Verfasser: | |
|---|---|
| Weitere Verfasser: | |
| Format: | Manuskript Buch |
| Sprache: | Slowakisch |
| Veröffentlicht: |
2021
|
| Schlagworte: | |
| Online-Zugang: | http://is.stuba.sk/zp/portal_zp.pl?podrobnosti=138636 |
| Tags: |
Keine Tags, Fügen Sie das erste Tag hinzu!
|
MARC
| LEADER | 00000ntm a22000003a 4500 | ||
|---|---|---|---|
| 001 | stuzp78566 | ||
| 003 | SK-STU | ||
| 005 | 20210612210414.8 | ||
| 007 | ta | ||
| 008 | 150427s2015----xo-----f-mn---000-0-slo-d | ||
| 040 | |a STU |b slo | ||
| 041 | 0 | |a slo | |
| 100 | 1 | |a Mogyorósi, Ladislav |u 063000 |k Z4 |4 aut |U MTF Materiálovotechnologická fakulta |T MTF Ústav výrobných technológií |X 71833 |U M3000 |Y 83 |7 71833 | |
| 242 | 0 | 1 | |a Balancing of production lines |y eng |
| 245 | 1 | 0 | |a Vyvažovanie výrobných liniek |
| 260 | |c 2021 | ||
| 650 | 4 | |a montáž |2 slo | |
| 650 | 4 | |a montážna linka |2 slo | |
| 650 | 4 | |a vyvažovanie linky |2 slo | |
| 650 | 4 | |a metódy vyvažovania linky |2 slo | |
| 650 | 4 | |a assembly |2 eng | |
| 650 | 4 | |a assembly line |2 eng | |
| 650 | 4 | |a line balancing methods |2 eng | |
| 650 | 4 | |a line balancing |2 eng | |
| 700 | 1 | |a Václav, Štefan |u 063600 |k Z1 |4 ths |U MTF Ústav výrobných technológií |T MTF Katedra obrábania a tvárnenia |X 2778 |U M3600 |Y 841 |7 A000002778 | |
| 856 | 4 | |u http://is.stuba.sk/zp/portal_zp.pl?podrobnosti=138636 | |